LEADER 01033nam a2200229 i 4500 001 000000195525 003 CaOOAMICUS 005 20101216000000.0 008 101216s1992 it u000 u ita u 013 $a174202 040 $aSeMil$bita 245 12$aI cattolici delle chiese orientali nel cammino del Sinodo Pastorale di Roma :$bincontro diocesano con il Cardinale Vicario, 27 marzo 1992. 260 $a[Roma] :$bVicariato di Roma,$c1992. 300 $a45 p. ;$c24 cm. 500 $aFondo Card. C.M. Martini. 650 4$aChiese Orientali Cattoliche.$0(OLS)http://semarc/subject/8326 850 $aSeMil 852 $aSeMil$W1$xVenegono$y1$m5B XII 5/22$j146094$B146094$CSeMilBibl$Z2$F157598 $81 941 1 $a4 961 $aOmaggio: Martini Card. Carlo Maria 996 $6245$aI cattolici delle chiese orientali nel cammino del Sinodo Pastorale di Roma :$bincontro diocesano con il Cardinale Vicario, 27 marzo 1992$9(OLS)http://semarc/title/282126 996 $6260$a[Roma] :$bVicariato di Roma$9(OLS)http://semarc/publisher/45675 LEADER 01294nam a2200289 i 4500 001 000000115847 003 CaOOAMICUS 005 20030530000000.0 008 030530s2001 it u000 u ita u 013 $a88536 020 $a88-88058-02-8 040 $aSeMil$bita 100 1 $aMoretti, Nicoletta.$0(OLS)http://semarc/name/48400 245 13$aIl collegio dei Gesuiti di Ponte in Valtellina /$cNicoletta Moretti. 260 $aSondrio :$bSocietà Storica Valtellinese,$c2001. 300 $a292 p. :$b[10] p. di tav. ;$c24 cm. 490 0 $aRaccolta di studi storici sulla Valtellina ;$v37. 500 $aContiene : Appendice ; Bibliografia. - Fondo Card. C.M. Martini. 650 4$aPonte in Valtellina - Gesuiti - Collegio.$0(OLS)http://semarc/subject/21276 830 0$aRaccolta di studi storici sulla Valtellina ;$v37.$0(OLS)http://semarc/title/12433 850 $aSeMil 852 $aSeMil$W1$xVenegono$y1$m3G IV 29$j71345$B71345$CSeMilBibl$Z2$F86159 $81 941 1 $a4 961 $aOmaggio: Martini Card. Carlo Maria 996 $6020$a88-88058-02-8$9(OLS)http://semarc/number/99775 996 $6245$aIl collegio dei Gesuiti di Ponte in Valtellina$9(OLS)http://semarc/title/169755 996 $6260$aSondrio :$bSocietà Storica Valtellinese$9(OLS)http://semarc/publisher/44864